000
00269nam a2200097Ia 4500
008
230508s2002 xx 000 0 und d
041
_a
eng
100
_a
EDWARD G. HOLFMAN
245
_a
SETUP REDUCATION THOUGH EFFECTIVE WORKHOLDING
260
_b
INDUSTRIAL PRESS INC
_c
2002
999
_c
341853
_d
341853